| 000 | 00645nam a22002057a 4500 | ||
|---|---|---|---|
| 999 |
_c195303 _d195303 |
||
| 005 | 20230316161328.0 | ||
| 010 | _aENG-136453 | ||
| 020 |
_c295.00 _a9788123791395 |
||
| 035 | _aEN-119985 | ||
| 037 | _bDBAD/PUB | ||
| 082 | _a618.24 | ||
| 100 | _aAgarwal,Yatish | ||
| 245 |
_aPregnancy & Baby Care : _cBy Yatish Agarwal and Rekha Agarwal _bA Practical Guide / |
||
| 250 | _aFirst | ||
| 260 |
_bNational Book Trust _aNew Delhi _c2021 |
||
| 270 |
_aNehru Bhawan, 5 Institutional Area, Phase 2, Vasant Kunj _bNew Delhi _e110070 |
||
| 300 |
_ax212p. _c24cm(pbk) |
||
| 700 | _aRekha, Agarwal | ||
| 942 |
_2ddc _cEN _h618.24 _mYAT |
||